[Event "Amsterdam Science Park op-A 1st"]
[Site "Amsterdam"]
[Date "2011.07.10"]
[Round "2"]
[White "Haslinger, Stewart"]
[Black "Van der Eijk, Martijn"]
[Result "1-0"]
[WhiteElo "2548"]
[BlackElo "2139"]
[PlyCount "47"]
[EventDate "2011.07.09"]
[EventType "swiss"]
[EventRounds "9"]
[EventCountry "NED"]
[SourceTitle "CBM 143 Extra"]
[Source "ChessBase"]
[SourceDate "2011.08.29"]
[SourceVersion "1"]
[SourceVersionDate "2011.08.29"]
[SourceQuality "1"]

1. e4 {ChessBase II} d6 2. d4 Nf6 3. Nc3 g6 4. Be3 Bg7 5. Qd2 O-O 6. O-O-O c6 7. f3 ({RR} 7. Bh6 b5 8. f3) 7... b5 8. Kb1 ({RR} 8. Bd3 a5 9. Kb1) 8... Be6 ({RR} 8... Nbd7 9. h4 Nb6 10. Bd3 ({RR} 10. Bh6 Be6 11. Bxg7 Kxg7 12. h5 b4 13. hxg6 bxc3 14. Qh6+ Kg8 15. g7 Re8 16. e5 Bf5 17. exf6 Nd5 18. Bd3 Bxd3 19. Rxd3 Nxf6 20. Ne2 Qa5 21. g4 cxb2 22. Ng3) 10... h5 11. Bh6 ({RR} 11. Nh3 Nc4) 11... e5 12. dxe5 dxe5 13. Bxg7 Kxg7 14. Nce2 Qe7 15. Ng3 Nfd7 16. N1e2 Nc5 17. Qe3 Rb8 18. Ka1 a5 19. f4 Bg4 20. f5 Nbd7 21. Rdf1 a4 22. Nc1 a3 23. b3 {Bellaiche,A (2472)-Chatalbashev,B (2602) Aix les Bains 2011 CBM 142 Extra [ChessBase II] 1-0 (55)}) ({RR} 8... Qc7 9. Bh6 e5 10. d5 b4 11. Nce2 cxd5 12. exd5 a5 13. h4 Na6 14. h5 Bb7 15. Bxg7 Kxg7 16. hxg6 fxg6 17. Qh6+ Kg8 18. Nc1 Qg7 19. Qh4 Nc5 20. Nh3 Rae8 21. Ng5 Re7 22. Nb3 Nxb3 23. cxb3 {Bruessow,N (1825)-Meyer,T (1950) Arco ITA 2024 ½-½ (31)}) 9. g4 ({RR} 9. h4 Qa5 10. d5 b4 11. dxe6 bxc3 12. Qxc3 Qxc3 13. exf7+ Kxf7 14. bxc3 Rd8 15. Nh3 Nbd7 16. Ng5+ Kg8 17. Ne6 Rdb8+ 18. Kc1 Rb7 19. Ba6 Rbb8 {1-0 (19) Haslinger,S (2529)-Vlam,H (2104) Delft 2011}) 9... Qa5 $146 ({RR} 9... b4 10. Nce2 Qa5 11. Nc1 Nbd7 12. Bh6 Rab8 13. Bxg7 Kxg7 14. g5 Nh5 15. Nge2 Nb6 16. Nb3 Bxb3 17. cxb3 e5 18. Rc1 c5 19. dxc5 dxc5 20. Qd6 c4 21. Ng3 Nf4 22. Bxc4 Nxc4 23. Rxc4 Ne6 24. h4 {De Vreugt,D (2498)-Carlier,B (2420) Rotterdam 2000 1-0 (37)}) 10. d5 Bc8 11. Bh6 b4 12. Nce2 cxd5 13. Bxg7 Kxg7 14. exd5 e6 15. h4 Qxd5 16. Qc1 Qb7 17. h5 Nc6 18. Rxd6 Qc7 19. Qf4 Nd5 20. Qh2 Bb7 21. hxg6 fxg6 22. Qxh7+ Kf6 23. g5+ Ke5 24. Rxd5+ 1-0

[Event "Gatineau sim2"]
[Site "Gatineau"]
[Date "2011.09.16"]
[Round "?"]
[White "Short, Nigel D"]
[Black "Gagnon, Serge"]
[Result "1-0"]
[WhiteElo "2658"]
[BlackElo "2101"]
[PlyCount "58"]
[EventDate "2011.09.16"]
[EventType "simul"]
[EventRounds "1"]
[EventCountry "CAN"]
[SourceTitle "CBM 144 Extra"]
[Source "ChessBase"]
[SourceDate "2011.10.28"]
[SourceVersion "1"]
[SourceVersionDate "2011.10.28"]
[SourceQuality "1"]

1. d4 d6 2. e4 Nf6 3. Nc3 g6 4. Be3 Bg7 5. Qd2 O-O 6. O-O-O c6 7. Bh6 b5 8. f3 Nbd7 9. h4 Qa5 ({RR} 9... Nb6 10. h5 Nc4 11. Bxc4 bxc4 12. hxg6 fxg6 13. Bxg7 Kxg7 14. Qh6+ Kf7 15. e5 Rh8 16. exf6 exf6 17. d5 c5 18. Ne4 Qe7 19. Qf4 g5 20. Nxg5+ Kg7 21. Ne4 Qe5 22. Qh6+ Kf7 23. Ne2 Bf5 24. Rh5 {Zhou,M (1776)-Osmolovskii,N (1468) Montesilvano ITA 2024 1-0 (34)}) 10. Kb1 b4 11. Nce2 Ba6 12. g4 $146 ({RR} 12. h5 Nb6 13. Bxg7 Kxg7 14. hxg6 fxg6 15. Qh6+ Kf7 16. Nh3 Ke8 17. Ng5 Na4 18. Nxh7 Nxh7 19. Qxg6+ Kd8 20. Rxh7 Rb8 21. Qe6 Rb7 22. Nc1 Nc3+ 23. Ka1 Nxd1 24. Rxe7 Rxe7 25. Qxd6+ Ke8 26. Qxc6+ Kf7 {Gunsberger,A-Balcerowski,W Polanica Zdroj 1963 0-1 (45)}) ({RR} 12. h5 Rfc8 13. hxg6 fxg6 14. Bxg7 Kxg7 15. Qh6+ Kf7 16. Nh3 Nf8 17. Nc1 Bxf1 18. Rhxf1 Qb5 19. Rfe1 a5 20. e5 Nd5 21. e6+ Kg8 22. Rd3 a4 23. Ng5 Nf4 24. Nxh7 Qh5 25. Qxf4 Qxh7 26. Rdd1 Qg7 {Ridge,M (1917)-Lawson,R Edinburgh 2015 ½-½ (61)}) 12... c5 13. h5 Rfc8 14. hxg6 fxg6 15. Bxg7 Kxg7 16. Qh6+ Kg8 17. Nh3 Bxe2 18. Bxe2 c4 19. g5 Ne8 20. Nf4 Nf8 21. d5 Ng7 22. Bf1 e5 23. dxe6 Qe5 24. Nd5 Ngxe6 25. Ne7+ Kf7 26. Nxc8 Rxc8 27. Bh3 Rc6 28. Rd5 Qg7 29. Bxe6+ Nxe6 1-0

[Event "Nova Gorica op-A 19th"]
[Site "Nova Gorica"]
[Date "2014.01.31"]
[Round "1"]
[White "Nabaty, Tamir"]
[Black "Branovacki, Goran T"]
[Result "1-0"]
[WhiteElo "2568"]
[BlackElo "1928"]
[PlyCount "53"]
[EventDate "2014.01.31"]
[EventType "swiss"]
[EventRounds "9"]
[EventCountry "SLO"]
[SourceTitle "CBM 158 Extra"]
[Source "ChessBase"]
[SourceDate "2014.02.28"]
[SourceVersion "1"]
[SourceVersionDate "2014.02.28"]
[SourceQuality "1"]

1. d4 g6 2. e4 d6 3. Nc3 Nf6 4. Be3 Bg7 5. Qd2 O-O 6. O-O-O Re8 7. f3 c6 8. Bh6 Bh8 ({RR} 8... b5 9. h4 Qa5 10. h5 b4 11. Nb1 Nbd7 12. hxg6 fxg6 13. Bxg7 Kxg7 14. Qh6+ Kg8 15. Bc4+ e6 16. Ne2 Ba6 17. Bxa6 Qxa6 18. Nf4 Kf7 19. e5 dxe5 20. dxe5 Nxe5 21. Rhe1 Qb5 22. g4 g5 23. Nh5 {Terrieux,K (2448)-Srinath,R (2340) Chess.com INT 2022 1-0 (31)}) 9. h4 Qa5 ({RR} 9... e5 10. dxe5 Rxe5 11. Qxd6 Qe8 12. Nh3 Bxh3 13. Rxh3 Na6 14. Bxa6 bxa6 15. Bg5 Re6 16. Qd3 Rb8 17. Qxa6 Nd7 18. Qc4 Nb6 19. Qd3 c5 20. h5 a5 21. hxg6 fxg6 22. b3 a4 23. Nd5 axb3 24. cxb3 {Gorbenko,R (2221)-Hua,C (2039) chess.com INT 2025 ½-½ (53)}) 10. h5 $146 ({RR} 10. g4 b5 11. Kb1 Be6 12. d5 cxd5 13. Nxd5 Qxd2 14. Rxd2 Bxd5 15. exd5 a6 16. Ne2 Nbd7 17. Nf4 Nb6 18. h5 Rab8 19. Bh3 {½-½ (19) Belakovskaia,A (2385)-Everet,A (2290) Bratto 1998}) ({RR} 10. Nge2 b5 11. Ng3 b4 12. Nb1 e5 13. h5 exd4 14. hxg6 fxg6 15. Bc4+ Be6 16. Qd3 Nbd7 17. Bxe6+ Rxe6 18. a3 Rb8 19. Bd2 Nc5 20. Qc4 d5 21. Bxb4 dxc4 22. Bxa5 d3 23. Bc3 dxc2 24. Kxc2 Nd3 {Rossetto,H-Rodriguez,R Buenos Aires 1959 1-0 (44)}) 10... Nxh5 11. Bc4 Nd7 12. e5 d5 13. Bd3 Ng7 14. g4 b5 15. Qh2 Nf8 16. Kb1 Qc7 17. Nh3 f6 18. Rde1 Bd7 19. Nf4 Kf7 20. Nxg6 hxg6 21. Bxg7 Bxg7 22. Bxg6+ Kg8 23. exf6 Qxh2 24. f7+ Kh8 25. Rxh2+ Bh6 26. fxe8=Q Bxe8 27. Bxe8 1-0

[Event "ITA-chT 46th"]
[Site "Condino"]
[Date "2014.05.04"]
[Round "7.1"]
[White "Vocaturo, Daniele"]
[Black "Sarno, Spartaco"]
[Result "1-0"]
[WhiteElo "2579"]
[BlackElo "2317"]
[PlyCount "51"]
[EventDate "2014.04.30"]
[EventType "team-swiss"]
[EventRounds "7"]
[EventCountry "ITA"]
[SourceTitle "CBM 160 Extra"]
[Source "ChessBase"]
[SourceDate "2014.07.01"]
[SourceVersion "1"]
[SourceVersionDate "2014.07.01"]
[SourceQuality "1"]
[WhiteTeam "Padova Obiettivo"]
[BlackTeam "Torino"]
[WhiteTeamCountry "ITA"]
[BlackTeamCountry "ITA"]

1. e4 d6 2. d4 Nf6 3. Nc3 g6 4. Be3 Bg7 5. Qd2 O-O 6. O-O-O c6 7. f3 b5 8. Bh6 Qa5 9. Bxg7 Kxg7 10. b3 ({RR} 10. e5 Nfd7 11. exd6 exd6 12. Kb1 Nb6 13. h4 Be6 14. h5 b4 15. hxg6 h5 16. d5 Nxd5 17. Nxd5 Qxd5 18. Qxd5 Bxd5 19. gxf7 Rh8 20. Rd4 a5 21. Rdh4 Nd7 22. Rxh5 Rxh5 23. Rxh5 Bxf7 24. Rg5+ Kf6 {Huseynli,A (1292)-Lyutsinger,I (1622) Tornelo INT 2021 0-1 (48)}) 10... Be6 11. Kb1 Nbd7 12. h4 $146 ({RR} 12. g4 Nb6 13. Nh3 Rab8 14. Ka1 Rb7 15. Nf4 Rfb8 16. g5 Ne8 17. Nxe6+ fxe6 18. h4 Nc7 19. Nb1 b4 20. h5 Nb5 21. Bxb5 Qxb5 22. hxg6 hxg6 23. Qh2 Rg8 24. Qf4 Na4 25. Rh7+ Kxh7 26. Qf7+ {1-0 (26) Stein,M (2009)-Armstrong,R (1796) Toronto 2008}) 12... Rfb8 13. h5 Qa3 14. hxg6 fxg6 15. g4 Nf8 16. g5 Nh5 17. d5 cxd5 18. exd5 Bd7 19. Nge2 Qc5 20. Ne4 Qb6 21. Bh3 Bxh3 22. Rxh3 Kf7 23. Nd4 Qb7 24. Rxh5 gxh5 25. Nf5 Qd7 26. Qf4 1-0

[Event "Sitges Sunway op 1st"]
[Site "Sitges"]
[Date "2014.12.20"]
[Round "8"]
[White "Aroshidze, Levan"]
[Black "Valdes Romero, Leonardo"]
[Result "1-0"]
[WhiteElo "2537"]
[BlackElo "2402"]
[PlyCount "129"]
[EventDate "2014.12.14"]
[EventType "swiss"]
[EventRounds "9"]
[EventCountry "ESP"]
[SourceTitle "EXT 2016"]
[Source "ChessBase"]
[SourceDate "2015.10.08"]
[SourceVersion "1"]
[SourceVersionDate "2015.10.08"]
[SourceQuality "1"]

1. e4 d6 2. d4 Nf6 3. Nc3 g6 4. Be3 Bg7 5. Qd2 O-O 6. O-O-O c6 7. Bh6 b5 8. f3 Qa5 9. Bxg7 Kxg7 10. e5 dxe5 11. dxe5 Nfd7 ({RR} 11... Ng8 12. a3 Be6 13. Ne4 Qxd2+ 14. Rxd2 Nd7 15. Ng5 Rad8 16. Nxe6+ fxe6 17. f4 Nc5 18. Rxd8 Rxd8 19. Nf3 Nh6 20. Be2 Nf5 21. Rd1 Rd5 22. Rxd5 exd5 23. g4 Ne3 24. Nd4 Ng2 25. Nxc6 Nxf4 26. Bxb5 {Sorm,D (2323)-Goroshkov,M (2111) Terme Catez 2022 ½-½ (41)}) 12. h4 $146 ({RR} 12. f4 Nc5 13. Kb1 Be6 14. b3 Nba6 15. Nf3 b4 16. Ne2 Rad8 17. Nfd4 Bg4 18. Qe1 Ne4 19. Ka1 Bxe2 20. Nxe2 Rxd1+ 21. Qxd1 Nf2 22. Qd4 Rd8 23. Qxf2 Rd1+ 24. Kb2 Qa3# {0-1 (24) Grinkevich,S (2228)-Sosulin,E (2416) Pervomaisky 2016}) 12... h5 13. g4 b4 14. Nb1 Qxe5 15. gxh5 a5 16. hxg6 fxg6 17. h5 Qf4 18. hxg6 Qxd2+ 19. Nxd2 Nf6 20. Ne2 Na6 21. Nd4 Bd7 22. Bh3 c5 23. Ne6+ Bxe6 24. Bxe6 Nc7 25. Bf7 Rh8 26. Rhe1 e6 27. Nb3 Rh5 28. a4 bxa3 29. bxa3 a4 30. Nd2 Rb8 31. c4 Rh4 32. Kc2 Rh2 33. Kc3 Rb6 34. Re5 Rd6 35. Rxc5 Ncd5+ 36. cxd5 Nxd5+ 37. Rxd5 Rxd5 38. Bxe6 Rd6 39. Bc4 Rxg6 40. Bd3 Rf6 41. Rb1 Rc6+ 42. Nc4 Ra2 43. Rb7+ Kf8 44. Kd4 Ra1 45. Rb1 Ra2 46. Be4 Ra6 47. Rb8+ Kg7 48. Ra8 Rh6 49. Ra7+ Kf8 50. Rxa4 Ra1 51. Ra8+ Ke7 52. Ne3 Rh8 53. a4 Kd7 54. Ra7+ Kc8 55. Nc4 Rd1+ 56. Kc3 Kb8 57. Ra8+ Kc7 58. a5 Rb8 59. a6 Rc1+ 60. Kd4 Rd1+ 61. Ke3 Rb3+ 62. Kf4 Ra1 63. Ra7+ Kd8 64. Rb7 Rc3 65. a7 1-0

[Event "Utrecht OKU op 42nd"]
[Site "Utrecht"]
[Date "2015.06.06"]
[Round "3"]
[White "Horvath, Csaba"]
[Black "Hess, Stefan"]
[Result "1-0"]
[WhiteElo "2546"]
[BlackElo "2047"]
[PlyCount "51"]
[EventDate "2015.06.05"]
[EventType "swiss"]
[EventRounds "6"]
[EventCountry "NED"]
[SourceTitle "CBM 166 Extra"]
[Source "ChessBase"]
[SourceDate "2015.06.18"]
[SourceVersion "1"]
[SourceVersionDate "2015.06.18"]
[SourceQuality "1"]

1. d4 {ChessBase II} d6 2. e4 g6 3. Nc3 Bg7 4. Be3 Nf6 5. Qd2 O-O 6. O-O-O c6 7. f3 ({RR} 7. Bh6 b5 8. f3) 7... b5 8. Kb1 ({RR} 8. Bd3 a5 9. Kb1) 8... Nbd7 9. Bh6 ({RR} 9. h4 Nb6 10. Bd3 ({RR} 10. Bh6 Be6 11. Bxg7 Kxg7 12. h5 b4 13. hxg6 bxc3 14. Qh6+ Kg8 15. g7 Re8 16. e5 Bf5 17. exf6 Nd5 18. Bd3 Bxd3 19. Rxd3 Nxf6 20. Ne2 Qa5 21. g4 cxb2 22. Ng3) 10... h5 11. Bh6 ({RR} 11. Nh3 Nc4) 11... e5 12. dxe5 dxe5 13. Bxg7 Kxg7 14. Nce2 Qe7 15. Ng3 Nfd7 16. N1e2 Nc5 17. Qe3 Rb8 18. Ka1 a5 19. f4 Bg4 20. f5 Nbd7 21. Rdf1 a4 22. Nc1 a3 23. b3 Qd6 {Bellaiche,A (2472)-Chatalbashev,B (2602) Aix les Bains 2011 CBM 142 Extra [ChessBase II] 1-0 (55)}) 9... Bb7 $146 ({RR} 9... e5 10. Bxg7 Kxg7 11. g4 Qe7 12. h4 Nb6 13. h5 b4 14. Nce2 c5 15. Ng3 cxd4 16. g5 Ne8 17. f4 exf4 18. Qxf4 Kg8 19. Nf3 a5 20. Bd3 a4 21. e5 a3 22. Qh4 axb2 23. hxg6 fxg6 24. Bxg6 {Lillo Castany,V (2273)-Norwood,D (2494) La Massana 2012 0-1 (40)}) ({RR} 9... Nb6 10. h4 b4 11. Nce2 Nc4 12. Qg5 Qa5 13. Bxg7 Kxg7 14. Nf4 h6 15. Qxa5 Nxa5 16. e5 Nd7 17. e6 Nb6 18. exf7 Rxf7 19. Ngh3 Nac4 20. Bxc4 Nxc4 21. Rde1 Bxh3 22. Nxh3 Re8 23. Re2 Nb6 24. Rhe1 {Matsuura,E (2365)-Nascimento,D (1948) Niteroi BRA 2024 1-0 (42)}) ({RR} 9... Nb6 10. Bxg7 Kxg7 11. g4 h5 12. h3 a5 13. g5 Nfd7 14. f4 b4 15. Nce2 Nc4 16. Qc1 Ndb6 17. Ng3 d5 18. Nf3 Nd6 19. Bd3 e6 20. f5 exf5 21. exf5 Nd7 22. Qf4 Ne8 23. Ne5 Qc7 24. f6+ {Ong Way,J (1908)-Pham,T Da Nang 2008 1-0 (36)}) 10. h4 Nb6 11. h5 b4 12. Bxg7 Kxg7 13. hxg6 fxg6 14. Qh6+ Kf7 15. Nh3 bxc3 16. Ng5+ Ke8 17. Ne6 Kd7 18. Nxd8 Raxd8 19. b3 a5 20. Qe3 a4 21. Qxc3 axb3 22. cxb3 Ra8 23. a4 Rfb8 24. a5 Nbd5 25. exd5 Nxd5 26. Qd2 1-0

[Event "Moscow Aeroflot op-A 15th"]
[Site "Moscow"]
[Date "2016.03.03"]
[Round "3"]
[White "Najer, Evgeniy"]
[Black "Petrosian, Tigran L"]
[Result "1-0"]
[WhiteElo "2664"]
[BlackElo "2607"]
[Annotator "Schulz,Andre"]
[PlyCount "65"]
[EventDate "2016.03.01"]
[EventType "swiss"]
[EventRounds "9"]
[EventCountry "RUS"]
[SourceTitle "CBM 171"]
[Source "ChessBase"]
[SourceDate "2016.03.14"]
[SourceVersion "2"]
[SourceVersionDate "2016.03.14"]
[SourceQuality "1"]

1. e4 d6 2. d4 Nf6 3. Nc3 g6 4. Be3 Bg7 ({Moderner ist die Reaktion} 4... a6 5. Qd2 b5 {usw.}) (4... Ng4 {bringt Schwarz nichts ein:} 5. Bg5 h6 6. Bh4 Bg7 7. Qd2 c6 8. h3 Nf6 9. f4 {ebenfalls mit großem Erfolg für Weiß in der Praxis.}) 5. Qd2 O-O 6. O-O-O {Nun entsteht das typische Wettrennen mit Angriffen auf die Könige.} c6 7. f3 b5 8. g4 b4 (8... Qa5 9. Kb1 b4 10. Nce2 {ist Zugumstellung.}) 9. Nce2 Qa5 10. Kb1 c5 ({Die Alternative ist} 10... Be6 11. Nc1) ({RR} 10... Nbd7 11. h4 c5 12. h5 Nb6 13. hxg6 Nc4 14. gxf7+ Rxf7 15. Qc1 Be6 16. b3 Na3+ 17. Ka1 Rc8 {0-1 (17) Horvath,A (2555)-Chernyshov,K (2531) Zalakaros 2005}) ({RR} 10... Be6 11. b3 Na6 12. h4 h5 13. Nf4 Bd7 14. gxh5 Nxh5 15. Nxh5 gxh5 16. Bh3 e6 17. Ne2 Nc7 18. Rdg1 Kh7 19. Rg5 Nb5 20. Rhg1 Bh6 21. Qxb4 Qxb4 22. Rxh5 Na3+ 23. Kc1 Qe1+ 24. Rxe1 Kg6 25. Rxh6+ {Yurasova,D (2081)-Pinero,C (2291) chess.com INT 2024 1-0}) 11. Bh6 $146 (11. h4 h5 $5) ({RR} 11. h4 h5 12. gxh5 Nxh5 13. Bh3 Nc6 14. Bxc8 Rfxc8 15. Nh3 cxd4 16. Nxd4 Nxd4 17. Bxd4 Bxd4 18. Qxd4 Qc5 19. Qd2 Kg7 20. Rhg1 Rh8 21. Rg5 Qc4 22. Nf4 Nxf4 23. Qxf4 f6 24. Rg2 Rag8 25. Rdg1 Kf7 {Moreno Hernandez,A (1493)-Salguero,M (1242) Medellin 2022 ½-½ (35)}) ({RR} 11. h4 Ba6 12. h5 Nc6 13. hxg6 fxg6 14. Bh6 Bxh6 15. Qxh6 cxd4 16. Nh3 d3 17. cxd3 b3 18. a3 Ne5 19. Ng5 Nf7 20. Nxf7 Rxf7 21. Nf4 Qc5 22. Ka1 Qe3 23. Ne6 Qxh6 24. Rxh6 Rc8 25. Rh1 Nd7 {Gaal,Z (2324)-Czebe,A (2368) Budapest 2022 ½-½ (31)}) 11... Nc6 12. Bxg7 Kxg7 13. g5 {[#]} (13. d5 $5 Ne5 14. Ng3 Z0 {mit der Idee} 15. g5) 13... Nd7 ({Der Maschinenvorschlag lautet} 13... Nh5 $5 {und nach} 14. d5 b3 $5 {mit Damentausch und Kompensation für den Bauern.} 15. axb3 Qxd2 16. Rxd2 Ne5) 14. d5 Nce5 15. Nc1 Nb6 (15... Ba6 $5) 16. h4 Ba6 17. f4 Nec4 18. Bxc4 Nxc4 19. Qf2 {Um auch den Vorstoß f4-f5 zu unterstützen.} (19. Qh2 $5 Rh8 20. h5 $16) 19... Rab8 20. Nb3 Qa4 ({Schwarz musste sich stattdessen um seinen eigenen König kümmern.} 20... Qd8 21. h5 Rh8) 21. h5 {[#]} Nxb2 {Das funktioniert nicht.} 22. Kxb2 c4 23. Nf3 Qa3+ 24. Ka1 (24. Kb1 $2 c3 {und Matt auf b2 wäre natürlich hübsch gewesen.}) 24... cxb3 25. cxb3 Rbc8 26. Nd4 ({Aber nicht etwa das hasenfüßige} 26. Qb2+ $2 Qxb2+ 27. Kxb2 {wegen} Be2) 26... Rc3 27. hxg6 fxg6 28. f5 ({Oder auch} 28. Qh4 Rh8 29. Ne6+ Kg8 30. Qh6 {gefolgt von Matt.}) 28... Rfc8 {Droht immerhin Matt. Doch das lässt sich leicht abwehren.} 29. Rb1 Rc1 30. f6+ exf6 31. Qxf6+ Kg8 32. Ne6 Rxb1+ 33. Rxb1 1-0

[Event "Astana op"]
[Site "Astana"]
[Date "2017.07.21"]
[Round "1"]
[White "Jumabayev, Rinat"]
[Black "Utemisov, Damir"]
[Result "1-0"]
[WhiteElo "2620"]
[BlackElo "2020"]
[PlyCount "52"]
[EventDate "2017.07.21"]
[EventType "swiss"]
[EventRounds "9"]
[EventCountry "KAZ"]
[SourceTitle "CBM 179 Extra"]
[Source "ChessBase"]
[SourceDate "2017.08.23"]
[SourceVersion "1"]
[SourceVersionDate "2017.08.23"]
[SourceQuality "1"]

1. e4 {Erenburg,Sergey} d6 2. d4 Nf6 3. Nc3 g6 4. Be3 Bg7 ({RR} 4... c6) 5. Qd2 ({RR} 5. f3) 5... O-O ({RR} 5... c6) ({RR} 5... Ng4) 6. O-O-O Nc6 ({RR} 6... c6 7. Kb1 ({RR} 7. f3 b5 8. g4 Qa5 9. Kb1) 7... b5 8. f3 Nbd7 9. e5 ({RR} 9. h4 Nb6 10. Bh6 Be6 11. Bxg7 Kxg7 12. h5) 9... b4 ({RR} 9... Ne8 10. f4 b4 11. Ne4 d5 12. Ng3 Nb6 13. Qxb4 Rb8 14. Qa5 Bg4 15. Nf3) ({RR} 9... dxe5 10. dxe5 b4 11. exf6 bxc3 12. Qxc3 Bxf6 13. Bd4 ({RR} 13. Qxc6 Rb8 14. c3 Qa5 15. Rd5 Qxc3 16. Qxc3 Bxc3 17. Rb5 Be5) 13... Bxd4 14. Rxd4) 10. exf6 bxc3 11. Qxc3 ({RR} 11. fxe7 Qxe7 12. Qxc3 Rb8) 11... Nxf6 12. Qxc6 Be6 13. Bc1 ({RR} 13. Bd2 Rb8) 13... Rb8 14. Nh3 ({RR} 14. Ne2 Qa5) ({RR} 14. Bd2 Nd5) 14... Bxa2+ 15. Kxa2 Qa5+ 16. Kb1 Nd5 17. Rd3 ({RR} 17. Bd2 Rxb2+) 17... Rfc8 ({RR} 17... Bxd4 18. Be2 ({RR} 18. Rb3 Nb4 19. Rxb4 Qxb4 20. Qc4 Bxb2 21. Qxb4 Rxb4) 18... Nb4 19. Qc4 d5 20. Qb3 Nxd3 21. Qxd3 Qb4 22. b3) ({RR} 17... Nb4 18. Qc4 Rfc8 19. Ra3 ({RR} 19. Qb3 Nxc2 20. Qxc2 Rxc2 21. Kxc2 Qa4+) 19... Qf5 20. g4 Nxc2 21. Rd3 Na3+ 22. Ka2 Qd7 23. Rxa3 Rxc4 24. Bxc4 Qc6) 18. Bd2 ({RR} 18. Ra3 Rxb2+ ({RR} 18... Qxa3 19. Qxd5 ({RR} 19. Qxc8+ Rxc8 20. bxa3 Rb8+) 19... Qc3 20. Bd3 Bxd4 21. Qa2) 19. Kxb2 ({RR} 19. Bxb2 Qe1+) 19... Rb8+ 20. Ka2 ({RR} 20. Rb3 Bxd4+) 20... Nb4+ 21. Ka1 Bxd4+ 22. c3 Nc2+ 23. Ka2 Nxa3) ({RR} 18. Qd7 Rc7 19. Qg4 Nc3+ 20. Rxc3 Qxc3) 18... Rxb2+ ({RR} 18... Nb4 19. Ra3) 19. Kxb2 Rb8+ 20. Rb3 Bxd4+ 21. c3 {Parligras,M (2549)-Jobava,B (2616) Antalya 2004 CBM 101 [Erenburg,Sergey] 0-1 (32)}) ({RR} 6... a5 7. Nf3 a4 8. a3 c6 9. Bh6 b5 10. h4 Bg4 11. h5 Nxh5 12. Be2 Nd7 13. Bxg7 Kxg7 14. Ng5 Bxe2 15. Nxe2 e5 16. g4 h6 17. Nxf7 Rxf7 18. gxh5 Qg5 19. hxg6 Qxd2+ 20. Kxd2 Kxg6 21. Rdg1+ {Gusev,M (2273)-Ezat,M (2299) chess.com INT 2025 1-0 (70)}) 7. f3 Nd7 $146 ({RR} 7... Re8 8. Nge2 e5 9. d5 Nb4 10. a3 Na6 11. Bh6 Qe7 12. g4 Bxh6 13. Qxh6 Bxg4 14. Qe3 Bd7 15. Ng3 c6 16. dxc6 Bxc6 17. Qh6 Qf8 18. Qxf8+ Kxf8 19. Rxd6 Re6 20. Rxe6 fxe6 21. Bxa6 bxa6 22. Nd1 {Bernado Lopez,R (2315)-Morillas Machetti,M (1530) Salobrena 2022 1-0 (43)}) ({RR} 7... e5 8. dxe5 dxe5 9. Qf2 Bd7 10. Nge2 Qb8 11. g4 Be6 12. g5 Nh5 13. Nd5 Bxd5 14. exd5 Ne7 15. Bc5 Re8 16. Nc3 Nf5 17. Ne4 Nd6 18. Bxd6 cxd6 19. h4 Qd8 20. Kb1 Rf8 21. Bh3 Nf4 22. Bg4 {Brizzi,M (2114)-Lima,D (2401) Rio de Janeiro BRA 2024 1-0 (89)}) 8. h4 e5 9. d5 Ne7 10. h5 f5 11. hxg6 hxg6 12. exf5 Nxf5 13. Bg5 Bf6 14. Ne4 Bxg5 15. Nxg5 Nf6 16. Bd3 Kg7 17. Ne2 Rh8 18. g4 Nh6 19. Rh2 Nhxg4 20. Rxh8 Qxh8 21. fxg4 Bxg4 22. Rg1 Qh2 23. Ne6+ Bxe6 24. Rxg6+ Kf7 25. dxe6+ Kxe6 26. Nd4+ Kd5 1-0